Klios Wandlungen. Die deutsche Althistorie vom Neuhumanismus bis zur Gegenwart
Salvato in:
| Autore principale: | |
|---|---|
| Natura: | Libro |
| Pubblicazione: |
München, Deutschland:
C.H.Beck,
2006.
|
| Soggetti: | |
| Tags: |
Aggiungi Tag
Nessun Tag, puoi essere il primo ad aggiungerne!!
|
MARC
| LEADER | 00000nam a22000007a 4500 | ||
|---|---|---|---|
| 003 | CL-VaPUC | ||
| 005 | 20240827104802.0 | ||
| 008 | 220801t2006 ||||| |||| 00| 0 eng d | ||
| 999 | |c 437817 |d 437815 | ||
| 020 | |a 978 3 406 54181 0 | ||
| 040 | |c Pontificia Universidad Católica de Valparaíso | ||
| 082 | 7 | |a 943 CHR 2006 |2 22 | |
| 100 | |a Christ, Karl |9 519631 |e author | ||
| 245 | |a Klios Wandlungen. |b Die deutsche Althistorie vom Neuhumanismus bis zur Gegenwart | ||
| 260 | |a München, Deutschland: |b C.H.Beck, |c 2006. | ||
| 300 | |a 288 páginas. | ||
| 500 | |a c.1 Donación Familia Prof. Alejandro Guzmán Brito. | ||
| 583 | |c 20220801 |k Cristina María Rojas Aguilar | ||
| 650 | 0 | |a Historia |x Filosofía |9 860696 | |
| 651 | |a Alemania |x Historiografía |9 874491 | ||
| 942 | |2 ddc |c BK |n 0 | ||
| 952 | |0 0 |1 0 |2 ddc |4 0 |6 943_000000000000000_CHR_2006 |7 1 |8 C_AGB |9 585645 |a BIBDER |b BIBDER |d 2022-08-01 |e Donación |i 5653661 |o 943 CHR 2006 |p 5653661 |r 2023-01-25 |t 1 |w 2022-08-01 |y BK_US |k AGB | ||